Normal view
MARC view
- Nisar,Munazza
Entry Personal Name
001 - CONTROL NUMBER
- control field: 29061
003 - CONTROL NUMBER IDENTIFIER
- control field: NUST
005 - DATE AND TIME OF LATEST TRANSACTION
- control field: 20200318135300.0
008 - FIXED-LENGTH DATA ELEMENTS
- fixed length control field: 200318|| aca||aabn | a|a d
040 ## - CATALOGING SOURCE
- Original cataloging agency: NUST
- Transcribing agency: NUST
100 ## - HEADING--PERSONAL NAME
- Personal name: Nisar,Munazza
670 ## - SOURCE DATA FOUND
- Source citation: Work cat.: (NUST)232793: Nisar,Munazza, First Ground-Based Mas-Doas Observations Of Nitrogen Dioxide (NO2) And Formaldehyde (HCHO) Column Densities Over Islamabad, 2013.
